Statistics for Country Jumper #1S

Click here to take the quiz!

General Stats

  • This quiz has been taken 12 times
  • The average score is 41 of 50

Answer Stats

HintCountry% Correct
Second biggest country in the worldCanada
100%
Country starting with “C” that also borders the country with the longest country name in EuropeCroatia
100%
Country that shipped The Statue of Liberty to United StatesFrance
100%
Country to have the island “Crete”Greece
100%
Farthest european country from any other countryIceland
100%
Jewish country to border Asian countries and a single country from another continentIsrael
100%
Smallest double landlocked countryLiechtenstein
100%
Second smallest country in BorneoMalaysia
100%
Smallest island country in EuropeMalta
100%
Country to own CeutaSpain
100%
Country that used to have ConstantinopleTurkey
100%
Smallest country to have a sun with a face on their flagUruguay
100%
Only island country to have its country shape shown in its flagCyprus
92%
Country that kept its empire flag after splitting with SlovakiaCzech Republic
92%
Country that is referred as “Nihon” in its languageJapan
92%
Country to span across Oceania and North America on a mapKiribati
92%
Country that Serbia claims it does not existKosovo
92%
Country to have many nuclear weapons, and claims to own its entire peninsulaNorth Korea
92%
Country that owns SvalbardNorway
92%
Smallest country to have disputes over Jammu and KashmirPakistan
92%
Country to know over 800 languagesPapua New Guinea
92%
Smallest country to border French GuianaSuriname
92%
Country in Europe to contain an abbreviation of another country in EuropeUkraine
92%
Country with yellow on the bottom of its flag to represent wheatUkraine
92%
England is usually mistaken as a country, which is actually part of this country. England however is not a territory nor is independent.United Kingdom
92%
Smallest country in Oceania to have their capital starting with “Port”Vanuatu
92%
Smallest country to border SpainAndorra
83%
Country to border 2 countries that are entirely landlocked by itselfItaly
83%
Country to border the country that made French Fries, as well as having a city containing the word “Zealand”Netherlands
83%
Country invaded by Spain, United States and JapanPhilippines
83%
Country with the most islands in the worldSweden
83%
Smallest country in the worldVatican City
83%
Last country in alphabetical order for countries in South America onlyVenezuela
83%
Country in Indochina to have a similar flag to ChinaVietnam
83%
10th biggest country in North AmericaDominican Republic
75%
Country with a proposed Nordic flagEstonia
75%
Country that used to own “Holy Roman Empire”Germany
75%
Country that has their capital stated in “Rigatoni”Latvia
75%
Biggest country to border a country with a capital ending with “city”Mexico
75%
Smallest country to border FranceMonaco
75%
Country to have a black triangle on their flagSaint Lucia
75%
Only country in the Caribbean to have fire on its flagGrenada
67%
Country that starts with “The” (not to everyone)Bahamas
58%
Skipping all the territories for the sake of not going back to Europe.
Country to have the most purple on their flag than any other flag in the world
Dominica
58%
Country with a similar flag to ArtsakhArmenia
50%
Country to have a similar flag to SomaliaMicronesia
50%
Country that has no wars in its historySwitzerland
42%
Country to have the same exact amount of letters in their capital name and country nameParaguay
33%
Country that used to have an empire being the largest in Europe back thenLithuania
25%
Cpuntry that has red, blue, yellow, and green on their flagMauritius
25%

Score Distribution

Percentile by Number Answered

Percent of People with Each Score

Your Score History

You have not taken this quiz